000
00265nam a22001217a 4500
020
_a
9780030749611
041
_a
eng
080
_a
62
090
_b
MCF
100
_a
McFadden, Charles.
245
_a
SciencePlus: Technology and Society [Red Level].
999
_c
281460
_d
281460
942
_c
BK